| 000 | 00649nam a22001697a 4500 | ||
|---|---|---|---|
| 999 |
_c61422 _d61422 |
||
| 005 | 20240311171218.0 | ||
| 008 | 240311s1980 ru ||||| |||| 00| 0 rus d | ||
| 041 | _arus | ||
| 080 | _a902.2 O-48 | ||
| 100 |
_aОнайко, Н. A. _921388 |
||
| 245 |
_aАрхаический Торик, античный город на северо-востоке Понта / _c Н.А. Онайко; Академия наук СССР. |
||
| 264 |
_aМосква : _bНаука, _c1980. |
||
| 300 |
_a179 с.: _bил.; _c22 см. |
||
| 653 | _aარქეოლოგია | ||
| 710 |
_aАкадемия наук СССР. _921389 |
||
| 942 |
_2udc _cᲬᲘᲒᲜᲘ |
||